KOHA-Header-6

Quaid-i-Azam And his Times A Compendium (Record no. 7343)

000 -LEADER
fixed length control field 00278nam a2200109Ia 4500
100 ## - MAIN ENTRY--AUTHOR NAME
Personal name Sharif Al Mujahid
245 #0 - TITLE STATEMENT
Title Quaid-i-Azam And his Times A Compendium
260 ## - PUBLICATION, DISTRIBUTION, ETC. (IMPRINT)
Place of publication karachi
Name of publisher McGraw-Hill
Year of publication 1990
300 ## - PHYSICAL DESCRIPTION
Number of Pages 572
942 ## - ADDED ENTRY ELEMENTS (KOHA)
Koha item type Books
Holdings
Withdrawn status Lost status Collection code Permanent Location Current Location Shelving location Date acquired Full call number Accession Number Koha item type
    Jinnah Corner MAJU MAJU   2020-12-05 891.11 1196 Jinnah Corner

Powered by Koha